Los spin doctors : (Record no. 111713)

MARC details
000 -LEADER
campo de control de longitud fija 00804nam a2200277Mi 4500
001 - NÚMERO DE CONTROL
campo de control 86917
005 - FECHA Y HORA DE LA ÚLTIMA TRANSACCIÓN
campo de control 20230411090045.0
008 - DATOS DE LONGITUD FIJA--INFORMACIÓN GENERAL
campo de control de longitud fija 091116s2009 sp 000 0 spa d
035 ## - NÚMERO DE CONTROL DEL SISTEMA
Número de control de sistema (OCoLC)ocn466655582
040 ## - FUENTE DE CATALOGACIÓN
Centro catalogador/agencia de origen C3L
Centro/agencia transcriptor C3L
020 ## - NÚMERO INTERNACIONAL ESTÁNDAR DEL LIBRO
Número Internacional Estándar del Libro 9788497888066
020 ## - NÚMERO INTERNACIONAL ESTÁNDAR DEL LIBRO
Número Internacional Estándar del Libro 8497888065
029 0# - OTRO NÚMERO DE CONTROL DE SISTEMA (OCLC)
Identificador de la biblioteca OCLC C3L
Número de control de sistema 60686170
035 ## - NÚMERO DE CONTROL DEL SISTEMA
Número de control de sistema (OCoLC)466655582
049 ## - FONDOS LOCALES (OCLC)
Biblioteca depositaria GRAL
100 1# - ENTRADA PRINCIPAL--NOMBRE DE PERSONA
Nombre de persona Aira, Toni,
Fechas asociadas al nombre 1977-
245 14 - MENCIÓN DEL TÍTULO
Título Los spin doctors :
Resto del título cómo mueven los hilos los asesores de los líderes políticos /
Mención de responsabilidad, etc. Toni Aira.
260 ## - PUBLICACIÓN, DISTRIBUCIÓN, ETC.
Lugar de publicación, distribución, etc. Barcelona :
Nombre del editor, distribuidor, etc. UOC,
Fecha de publicación, distribución, etc. 2009.
300 ## - DESCRIPCIÓN FÍSICA
Extensión 132 p. ;
Dimensiones 21 cm.
490 1# - MENCIÓN DE SERIE
Mención de serie Manuales. Comunicación ;
Designación de volumen o secuencia 131
830 #0 - PUNTO DE ACCESO ADICIONAL DE SERIE-TÍTULO UNIFORME
Título uniforme Manuales.
Nombre de parte o sección de la obra Comunicación ;
Designación de volumen o secuencia 131.
938 ## -
-- Casalini Libri
-- CASA
-- 60686170
-- 20.00 EUR
942 ## - ELEMENTOS DE ENTRADA SECUNDARIOS (KOHA)
Fuente del sistema de clasificación o colocación Clasificación de Library of Congress
Tipo de ítem Koha
994 ## -
-- C0
-- DRFGD
946 ## - PROCESAMIENTO DE INFORMACIÓN LOCAL (OCLC)
a JP
Holdings
Estatus retirado Estado de pérdida Fuente del sistema de clasificación o colocación Estado de daño No para préstamo Colección Biblioteca de origen Biblioteca actual Ubicación en estantería Fecha de adquisición Código de barras Visto por última vez Copia número Tipo de ítem Koha
    Clasificación de Library of Congress     Automatización y Procesos Técnicos Biblioteca Juan Bosch Biblioteca Juan Bosch Automatización y Procesos Técnicos (1er. Piso) 11/04/2023 00000075826 17/02/2019 1